Objektívne oceňovanie nehnuteľností
Metódy stanovovania trhovej hodnoty majetku v Európe a u nás. Podiel majetkových daní na celkových príjmoch a jeho vývoj. V rámci majetkových daní cieľom na Slovensku je prechod na daň z nehnuteľností založenej na trhových hodnotách. Faktory, ktoré treba zohľadniť pri ocenení majetku. Európske oceňo...
Gespeichert in:
| 1. Verfasser: | |
|---|---|
| Format: | Buchkapitel |
| Sprache: | Slowakisch |
| Schlagworte: | |
| Tags: |
Keine Tags, Fügen Sie das erste Tag hinzu!
|
MARC
| LEADER | 00000naa$a2200000$$$4500 | ||
|---|---|---|---|
| 001 | 0012086 | ||
| 005 | 20231016083402.3 | ||
| 041 | 0 | |a slo | |
| 044 | |a SK | ||
| 245 | 1 | 0 | |a Objektívne oceňovanie nehnuteľností |c Dušan Tichý |
| 520 | |a Metódy stanovovania trhovej hodnoty majetku v Európe a u nás. Podiel majetkových daní na celkových príjmoch a jeho vývoj. V rámci majetkových daní cieľom na Slovensku je prechod na daň z nehnuteľností založenej na trhových hodnotách. Faktory, ktoré treba zohľadniť pri ocenení majetku. Európske oceňovacie štandardy. Situácia v zahraničí. | ||
| 610 | 2 | 0 | |a nehnuteľnosti |
| 610 | 2 | 0 | |a oceňovanie |
| 610 | 2 | 0 | |a hodnota nehnuteľností |
| 610 | 2 | 0 | |a dane majetkové |
| 610 | 2 | 0 | |a dane z nehnuteľností |
| 610 | 2 | 0 | |a Európa |
| 610 | 2 | 0 | |a Slovensko |
| 100 | 1 | |a Tichý, Dušan | |